000 00627nam a2200205Ia 4500
008 191130s1995##################000#0#eng##
020 _a9780521441209
022 _a94028826
040 _aACL
_cACL
082 _a193 WHI
245 _aThe Cambridge companion to Habermas
_cedited by Stephen K. White
260 _aCambridge
_bCambridge University Press
_c1995
300 _aix, 354 p. ; 23 cm.
500 _aIncludes bibliographical references (p. 325-340) and index
650 _aHabermas, Jürgen
700 _aWhite, Stephen K
990 _af12752dfac10000c5b5df71c8cf31da0
991 _a252168
999 _c301861
_d301861